000
00292nam a22001337a 4500
008
170822b xxu||||| |||| 00| 0 eng d
020
_a
9780538432535
041
_a
eng
080
_2
15TH
_a
51
100
_a
37
101
_a
MAT
245
_a
BUSINESS MATH
_c
SCHULTHEIS,R.A
942
_2
udc
_c
BK
999
_c
24475
_d
24475